000 00573nmm a2200205Ia 4500
008 251105s9999||||xx |||||||||||||||||und||
020 _a9788498958713
041 _aspa
100 _aYing, Luo
245 0 _aMemorias de la Revolución Cultural - Conejitos
264 _a[Madrid, España] :
_bVisor Libros,
_c2014
300 _a277 páginas
490 _aVisor de Poesía
650 _aOther poetry
700 _aYing, Luo
700 1 _a Fuentes, Arturo
700 1 _a Rendón, Fernando
856 _uhttps://public.digitaliapublishing.com/a/41550
942 _cCF
999 _c72713
_d72713